Normal view
MARC view
- ROBICHAND, BERYL
Entry Personal Name
001 - CONTROL NUMBER
- control field: 56973
003 - CONTROL NUMBER IDENTIFIER
- control field: NUST
005 - DATE AND TIME OF LATEST TRANSACTION
- control field: 20210628201826.0
008 - FIXED-LENGTH DATA ELEMENTS
- fixed length control field: 210628|| aca||aabn | a|a d
040 ## - CATALOGING SOURCE
- Original cataloging agency: NUST
- Transcribing agency: NUST
100 ## - HEADING--PERSONAL NAME
- Personal name: ROBICHAND, BERYL
670 ## - SOURCE DATA FOUND
- Source citation: Work cat.: (NUST): ROBICHAND, BERYL, SELECTING PLANNING AND MANAGING OFFICE SPACE, 1958
